All at sea in the waters of contract (Record no. 72553)
[ view plain ]
| 000 -LEADER | |
|---|---|
| fixed length control field | 01017cam a2200217 4500 |
| 001 - CONTROL NUMBER | |
| control field | ABS66619 |
| 008 - FIXED-LENGTH DATA ELEMENTS--GENERAL INFORMATION | |
| fixed length control field | 030428n2003 000 0 eng u |
| 035 ## - SYSTEM CONTROL NUMBER | |
| System control number | (Sirsi) u122099 |
| 100 ## - MAIN ENTRY--PERSONAL NAME | |
| Personal name | Moyes, M. |
| 245 ## - TITLE STATEMENT | |
| Title | All at sea in the waters of contract |
| 260 ## - PUBLICATION, DISTRIBUTION, ETC. | |
| Date of publication, distribution, etc. | 2003 |
| 490 ## - SERIES STATEMENT | |
| Series statement | Estates Gazette |
| Volume/sequential designation | (0316) 19 April 2003, 97-98(2) |
| 520 ## - SUMMARY, ETC. | |
| Summary, etc. | The effect of common mistake in contract law has been reinstated by the CA in "Great Peace Shipping Ltd v Tsavliris Salvage (International) Ltd " ([2002] EWCA Civ 1407, [2002] 3 WLR 1617). "Solle v Butcher" (CA [1950] 1 KB 671) has been overturned on the grounds that it conflicted with "Bell v Lever Bros Ltd" (HL [1932] AC 161). Describes principles of common mistake as laid down in "Bell v Lever Bros Ltd" (see also Abs66369). |
| 590 ## - LOCAL NOTE (RLIN) | |
| Local note | ABS |
| 650 ## - SUBJECT ADDED ENTRY--TOPICAL TERM | |
| Topical term or geographic name entry element | COMMON MISTAKE |
| 650 ## - SUBJECT ADDED ENTRY--TOPICAL TERM | |
| Topical term or geographic name entry element | BELL V LEVER BROS |
| 650 ## - SUBJECT ADDED ENTRY--TOPICAL TERM | |
| Topical term or geographic name entry element | SOLLE V BUTCHER |
| 650 ## - SUBJECT ADDED ENTRY--TOPICAL TERM | |
| Topical term or geographic name entry element | GREAT PEACE SHIPPING LTD V TSAVLIRIS SALVAGE (INTERNATIONAL) LTD |
| 690 ## - LOCAL SUBJECT ADDED ENTRY--TOPICAL TERM (OCLC, RLIN) | |
| Topical term or geographic name as entry element | LAW-CASE LAW |
| 942 ## - ADDED ENTRY ELEMENTS (KOHA) | |
| Suppress in OPAC | 0 |
| Withdrawn status | Lost status | Source of classification or shelving scheme | Damaged status | Not for loan | Home library | Current library | Shelving location | Date acquired | Total Checkouts | Full call number | Barcode | Date last seen | Copy number | Price effective from | Koha item type |
|---|---|---|---|---|---|---|---|---|---|---|---|---|---|---|---|
| Dewey Decimal Classification | London | London | Journal article | 28/04/2003 | ABS66619 | 122099-1001 | 06/08/2019 | 1 | 06/08/2019 | Journal article |